Kashtanka (Registro nro. 57040)

Detalles MARC
000 -CABECERA
Longitud fija campo de control 01256nam a2200349 i 4500
003 - • IDENTIFICADOR DELl NÚMERO DE CONTROL
Identificador del número de control CO-BoRNBP
005 - • FECHA Y HORA DE LA ÚLTIMA TRANSACCIÓN
Fecha y hora de la última transacción 20250307100805.0
007 - • CAMPO FIJO DE DESCRIPCIÓN FÍSICA
Campo fijo de descripción física ta
008 - • CÓDIGOS DE INFORMACIÓN DE LONGITUD FIJA
Códigos de información de longitud fija 231123s2023 ck a|||jr|||| 00| ||spa d
020 ## - • NÚMERO INTERNACIONAL NORMALIZADO PARA LIBROS
Número Internacional Normalizado para Libros (ISBN) 9786289604016
040 ## - FUENTE DE LA CATALOGACIÓN
Centro catalogador de origen CO-BoRNBP
Lengua de catalogación spa
Normas de descripción rda
Centro transcriptor CO-BoRNBP
041 1# - • CÓDIGO DE LENGUA
Código de lengua del texto/banda sonora o título independiente spa
Código de lengua original bel
043 ## - CÓDIGO DE ÁREA GEOGRÁFICA
Código de área geográfica a-bwr---
084 ## - • Clasificación Local Alfanúmerica PNLB
Número de clasificación C CHE1
100 1# - • PUNTO DE ACCESO PRINCIPAL-NOMBRE DE PERSONA
Nombre de persona Chéjov, Anton Pavlovich
Fechas asociadas al nombre 1860-1904
Término indicativo de función autor
245 10 - • TITULO PROPIAMENTE DICHO
Título Kashtanka
Mención de responsabilidad, etc. Antón Pávlovich Chéjov ; ilustraciones de Rebeca Luciani ; traducción de Natalia Morozova.
250 ## - • MENCIÓN DE EDICIÓN
Mención de edición Edición especial
264 #1 - PRODUCCIÓN, PUBLICACIÓN , DISTRIBUCIÓN, FABRICACIÓN Y COPYRIGHT
Lugar de producción, publicación, distribución, fabricación Bogotá, Colombia
Nombre del productor, editor, distribuidor, fabricante Ciceron Editores
Fecha de de producción, publicación, distribución, fabricación o copyright 2023
300 ## - • DESCRIPCIÓN FÍSICA
Extensión 67 páginas
Otras características físicas ilustraciones a color
Dimensiones 24 cm
336 ## - TIPO DE CONTENIDO
Término de tipo de contenido texto
Código de tipo de contenido txt
Fuente rdacontent
337 ## - TIPO DE MEDIO
Nombre del tipo de medio sin mediación
Código del tipo de medio n
Fuente rdamedia
338 ## - TIPO DE SOPORTE
Nombre del tipo de soporte volumen
Código del tipo de soporte nc
Fuente rdacarrier
521 ## - • NOTA DE PÚBLICO DESTINATARIO
Nota público destinatario (R ) Recomendado para un público mayor de 12 años<br/> <br/>
534 ## - • Nota De Versión Original
Título Kawtahka
650 17 - • PUNTO DE ACCESO ADICIONAL DE MATERIA - T&Eacute;RMINO DE MATERIA
Subdivisión cronológica Siglo IXI
Término de materia o nombre geográfico como elemento inicial Cuentos juveniles rusos
Fuente del encabezamiento o término ARMARC
650 17 - • PUNTO DE ACCESO ADICIONAL DE MATERIA - T&Eacute;RMINO DE MATERIA
Término de materia o nombre geográfico como elemento inicial Literatura juvenil rusa
Subdivisión cronológica Siglo XIX
Fuente del encabezamiento o término ARMARC
650 17 - • PUNTO DE ACCESO ADICIONAL DE MATERIA - T&Eacute;RMINO DE MATERIA
Término de materia o nombre geográfico como elemento inicial Respeto por los animales
Fuente del encabezamiento o término ARMARC
650 17 - • PUNTO DE ACCESO ADICIONAL DE MATERIA - T&Eacute;RMINO DE MATERIA
Término de materia o nombre geográfico como elemento inicial Amistad en la literatura
Fuente del encabezamiento o término ARMARC
700 1# - • PUNTO DE ACCESO ADICIONAL - NOMBRE DE PERSONA
Nombre de persona Morozova, Natalia
Término indicativo de función traductora
700 1# - • PUNTO DE ACCESO ADICIONAL - NOMBRE DE PERSONA
Nombre de persona Luciani, Rebeca
Término indicativo de función ilustradora
942 ## - ENTRADA DE ELEMENTOS AGREGADOS (KOHA)
Fuente de clasificaión o esquema
Koha [por defecto] tipo de item Libro Literatura
Existencias
Perdido Fuente de clasificaci&oacute;n o esquema Estado Físico No para pr&eacute;stamo Forma de adquisición Localizaci&oacute;n permanente Localizaci&oacute;n actual Localización en estanterías Fecha adquisici&oacute;n Pr&eacute;stamos totales Signatura completa C&oacute;digo de barras Fecha &uacute;ltima consulta N&uacute;mero de copia Fecha del precio de reemplazo Tipo de item de Koha Fuente de adquisici&oacute;n
  Dewey Decimal Classification     Literatura General Biblioteca Pública Dorado Biblioteca Pública Dorado Literatura 02/19/2026   C CHE1 DOR03342 02/19/2026 Ej.1 02/19/2026 Libro Literatura  
  Dewey Decimal Classification     Colección General Biblioteca Pública José Eustasio Rivera - San Martin Biblioteca Pública José Eustasio Rivera - San Martin General 09/18/2025   C CHE1 SM04134 09/18/2025 Ej.1 09/18/2025 Libro Literatura  
  Dewey Decimal Classification     Colección General Biblioteca Pública Puerto Lleras Biblioteca Pública Puerto Lleras Literatura 08/15/2025   C CHE1 PLL00526 08/15/2025 Ej.1 08/15/2025 Libro Literatura  
  Dewey Decimal Classification     Colección General Biblioteca Pública San Carlos de Guaroa - Eduardo Carranza Biblioteca Pública San Carlos de Guaroa - Eduardo Carranza Literatura 08/20/2025   C CHE1 SG04100 08/20/2025 Ej.1 08/20/2025 Libro Literatura  
  Dewey Decimal Classification     Colección General Biblioteca Pública El Castillo - Alfonso Meneses Biblioteca Pública El Castillo - Alfonso Meneses Literatura 10/08/2025   C CHE1 EC03076 10/08/2025 Ej.1 10/08/2025 Libro Literatura  
  Dewey Decimal Classification     Colección General Biblioteca Pública Cabuyaro Biblioteca Pública Cabuyaro Literatura 09/24/2025   C CHE1 CAB001227 09/24/2025 Ej.1 09/24/2025 Libro Literatura  
  Dewey Decimal Classification     Colección General Biblioteca Pública Castilla La Nueva -Ecobiblioteca Biblioteca Pública Castilla La Nueva -Ecobiblioteca Literatura 09/13/2025   C CHE1 CLN00310 09/13/2025 Ej.1 09/13/2025 Libro Literatura  
  Dewey Decimal Classification     Literatura General Biblioteca Pública Granada - Boca del Monte Biblioteca Pública Granada - Boca del Monte Literatura 05/06/2026   C CHE1 GRDA08075 05/06/2026 Ej.1 05/06/2026 Libro Literatura BIBLIOTECA NACIONAL DE COLOMBIA
  Dewey Decimal Classification     Colección General Biblioteca Pública Guamal Biblioteca Pública Guamal Literatura 03/07/2025   C CHE1 GUA004885 03/07/2025 Ej.1 03/07/2025 Libro Literatura  
  Dewey Decimal Classification     Colección General Biblioteca Pública La Macarena Biblioteca Pública La Macarena Literatura 09/11/2025   C CHE1 LM03463 09/11/2025 Ej.1 09/11/2025 Libro Literatura  
  Dewey Decimal Classification     Colección General Biblioteca Pública Mapiripan Biblioteca Pública Mapiripan Literatura 08/21/2025   C CHE1 MAP00004374 08/21/2025 Ej.1 08/21/2025 Libro Literatura  
  Clasificación Local Facetada     Colección General Biblioteca Pública San Juanito - Ernesto Maria Peña Romero Biblioteca Pública San Juanito - Ernesto Maria Peña Romero Literatura 08/22/2025   C CHE1 SJU01598 08/22/2025 Ej.1 08/22/2025 Libro Literatura  









Instituto Departamental de Cultura del Meta - Red Departamental de Bibliotecas Públicas del Meta.